[Event "OLSW 2324 SV Worms 1878 - SC Caissa Schw"]
[Site "?"]
[Date "2023.10.15"]
[Round "2.5"]
[White "Buermann, Jan"]
[Black "Boos, Patrick"]
[Result "0-1"]
[WhiteElo "2092"]
[BlackElo "2073"]
[PlyCount "72"]
[EventDate "2023.??.??"]

1. d4 Nf6 2. c4 g6 3. Nc3 Bg7 4. Nf3 O-O 5. g3 d6 6. Bg2 c5 7. d5 Na6 8. O-O Nc7 9. a4 Rb8 10. h3 b6 11. e4 a6 12. e5 Nfe8 13. Qe2 b5 14. Re1 bxc4 15. Qxc4 Bf5 16. g4 Bc2 17. Ra3 Rb4 18. Qe2 Bb3 19. Nd2 Qb8 20. Nxb3 Rxb3 21. Rxb3 Qxb3 22. f4 Qb4 23. Kh1 a5 24. Qc2 e6 25. Bd2 Qb6 26. dxe6 Nxe6 27. Nd5 Qd8 28. Qc3 dxe5 29. fxe5 N8c7 30. Nf6+ Bxf6 31. exf6 Nd5 32. Qe5 Nb4 33. Bxb4 axb4 34. Rf1 Qd3 35. Bd5 Qxf1+ 36. Kh2 Qf4+ 0-1

[Event "OLSW 2324 SV Worms 1878 - SC Caissa Schw"]
[Site "?"]
[Date "2023.10.15"]
[Round "2.6"]
[White "Dausch, Rene"]
[Black "Recktenwald, Cedric"]
[Result "1-0"]
[WhiteElo "2196"]
[BlackElo "1805"]
[PlyCount "153"]
[EventDate "2023.??.??"]

1. e4 e6 2. d3 d5 3. Nd2 Nf6 4. Ngf3 b6 5. g3 dxe4 6. dxe4 Bc5 7. Bb5+ c6 8. Bd3 e5 9. Qe2 Qc7 10. Nc4 Nbd7 11. O-O O-O 12. Bd2 Re8 13. b4 Bf8 14. a4 Bb7 15. a5 b5 16. Ne3 c5 17. a6 Bxe4 18. Bxe4 Nxe4 19. Nd5 Qd6 20. Qxe4 f5 21. Qxf5 Qxd5 22. Ng5 Nf6 23. Rad1 Qc4 24. Rfe1 e4 25. Be3 Qxb4 26. Ne6 Rac8 27. Bg5 Qc4 28. Nxf8 Rxf8 29. Bxf6 Rc6 30. Rxe4 Rcxf6 31. Qd5+ Qxd5 32. Rxd5 Rxf2 33. Rxc5 Rf1+ 34. Kg2 R8f2+ 35. Kh3 Rh1 36. Rc8+ Kf7 37. Kg4 Rhxh2 38. Rc7+ Kf6 39. Rf4+ Rxf4+ 40. Kxf4 b4 41. Ke3 Rg2 42. Rxa7 Rxc2 43. Rb7 Ra2 44. a7 b3 45. Kd3 h5 46. Kc3 b2 47. Kc2 g5 48. Kb1 Ra6 49. Rb6+ Rxb6 50. a8=Q Re6 51. Qf3+ Kg6 52. Kxb2 Rf6 53. Qe4+ Kg7 54. Qe7+ Kg6 55. Qe8+ Rf7 56. Kc3 Kf6 57. Kd4 Kg7 58. Ke5 h4 59. gxh4 gxh4 60. Qd8 Ra7 61. Qf6+ Kg8 62. Qxh4 Ra5+ 63. Kd6 Ra6+ 64. Kc7 Ra7+ 65. Kb6 Rf7 66. Kc6 Rh7 67. Qd8+ Kg7 68. Kd6 Rh6+ 69. Ke7 Rg6 70. Qf8+ Kh7 71. Qf5 Kh8 72. Qh5+ Kg7 73. Qe5+ Kg8 74. Ke8 Rg7 75. Qe6+ Kh7 76. Kf8 Rg6 77. Qh3+ 1-0

[Event "OLSW 2324 SV Worms 1878 - SC Caissa Schw"]
[Site "?"]
[Date "2023.10.15"]
[Round "2.7"]
[White "Fiedler, Robert"]
[Black "Martin, Mike"]
[Result "0-1"]
[WhiteElo "1923"]
[BlackElo "2074"]
[PlyCount "106"]
[EventDate "2023.??.??"]

1. d4 f5 2. c4 g6 3. Nc3 Nf6 4. Nf3 Bg7 5. g3 d6 6. Bg2 O-O 7. O-O Qe8 8. Qb3 c6 9. Bg5 Nbd7 10. Rad1 e6 11. Qc2 d5 12. b3 h6 13. Bc1 Qe7 14. Ne5 Nxe5 15. dxe5 Ng4 16. Nb1 b5 17. cxd5 cxd5 18. f4 a5 19. e3 Qa7 20. Rfe1 h5 21. Qd2 b4 22. Bb2 Ba6 23. Bd4 Qe7 24. Rc1 Rfc8 25. Rxc8+ Rxc8 26. Rc1 Qb7 27. h3 Nh6 28. Kf2 Bf8 29. Qb2 h4 30. Nd2 hxg3+ 31. Kxg3 Nf7 32. Rxc8 Qxc8 33. Nf3 Qc7 34. Kf2 Be7 35. Qd2 Nd8 36. Bf1 Bxf1 37. Kxf1 Qc6 38. Ke2 Nb7 39. Bb2 Nc5 40. Nd4 Qa6+ 41. Kd1 Qf1+ 42. Kc2 Qxh3 43. Nc6 Kf7 44. Nxa5 Ne4 45. Qe2 Ng3 46. Qf2 Ne4 47. Qe2 Qh5 48. Qg2 Qh8 49. Qe2 Qc8+ 50. Kb1 Qc7 51. Qb5 Nd2+ 52. Ka1 Qc2 53. Qc6 Nc4 0-1

[Event "OLSW 2324 SV Worms 1878 - SC Caissa Schw"]
[Site "?"]
[Date "2023.10.15"]
[Round "2.8"]
[White "Niekisch, Dirk"]
[Black "Schera, Michael"]
[Result "1/2-1/2"]
[WhiteElo "1761"]
[BlackElo "1803"]
[PlyCount "63"]
[EventDate "2023.??.??"]

1. Nc3 d5 2. d4 Nf6 3. Bf4 e6 4. Nb5 Na6 5. e3 Be7 6. h3 O-O 7. Nc3 b6 8. Nf3 Bb7 9. Ne5 Nb8 10. Bd3 c5 11. g4 c4 12. Be2 Bb4 13. f3 Ne8 14. g5 Bxc3+ 15. bxc3 Nd7 16. Ng4 f6 17. gxf6 Ndxf6 18. Kd2 Qe7 19. Qg1 Nd6 20. Nxf6+ Rxf6 21. Bg5 e5 22. Bxf6 Qxf6 23. h4 exd4 24. exd4 Re8 25. Qg5 Qe6 26. Rae1 h6 27. Qf4 Rf8 28. Qe3 Qf6 29. Bd1 Re8 30. Qxe8+ Nxe8 31. Rxe8+ Kf7 32. Re3 1/2-1/2

[Event "OLSW 2324 SG Speyer-Schwegenheim - SK La"]
[Site "?"]
[Date "2023.10.15"]
[Round "2.2"]
[White "Horvath, Adam"]
[Black "Bold, Andre"]
[Result "1-0"]
[WhiteElo "2438"]
[BlackElo "2194"]
[PlyCount "73"]
[EventDate "2023.??.??"]

1. e4 c6 2. d4 d5 3. e5 Bf5 4. h4 h5 5. Bd3 Bxd3 6. Qxd3 e6 7. Nf3 Qa5+ 8. Nbd2 Qa6 9. c4 Bb4 10. b3 Nd7 11. O-O Ne7 12. Rd1 c5 13. Bb2 Rc8 14. Qb1 Bxd2 15. Nxd2 cxd4 16. cxd5 Nxd5 17. Ne4 O-O 18. Rxd4 Qe2 19. Rd2 Qg4 20. Ng5 g6 21. Rxd5 exd5 22. e6 Rc6 23. exd7 Qxd7 24. Qd3 Qf5 25. Qd4 f6 26. Re1 Rfc8 27. a4 Rc2 28. Nf3 a6 29. a5 R2c7 30. Qb6 Rf7 31. Bd4 Kh7 32. Qd6 Rc6 33. Qg3 Re6 34. Rc1 Rc6 35. Rxc6 bxc6 36. Qb8 Re7 37. Qf8 1-0

[Event "OLSW 2324 SG Speyer-Schwegenheim - SK La"]
[Site "?"]
[Date "2023.10.15"]
[Round "2.3"]
[White "Bruch, Jochen"]
[Black "Nemeth, Miklos"]
[Result "1-0"]
[WhiteElo "2184"]
[BlackElo "2425"]
[PlyCount "107"]
[EventDate "2023.??.??"]

1. Nf3 f5 2. g3 Nf6 3. Bg2 g6 4. O-O Bg7 5. d3 d6 6. c3 e5 7. Qb3 c6 8. c4 Qe7 9. Nc3 Na6 10. Qc2 O-O 11. Rb1 Nc7 12. b4 Bd7 13. b5 Ne6 14. bxc6 Bxc6 15. e4 Nd7 16. Nd5 Qd8 17. Nb4 Ndc5 18. Nxc6 bxc6 19. exf5 Rxf5 20. Bb2 Qc7 21. Rbd1 Raf8 22. d4 exd4 23. Nxd4 Nxd4 24. Bxd4 Bxd4 25. Rxd4 R5f6 26. f4 Qb6 27. Kh1 Re8 28. Qd2 Qc7 29. Bf3 Rfe6 30. g4 Rf6 31. f5 Ref8 32. Qg2 Kh8 33. Bxc6 Ne6 34. Rdd1 gxf5 35. Rxf5 Rxf5 36. gxf5 Rxf5 37. Bd5 Ng7 38. Re1 Qd8 39. Qb2 Qf8 40. Rg1 Qe7 41. a4 h6 42. a5 a6 43. Qb8+ Rf8 44. Qb6 Nh5 45. Qxa6 Nf4 46. Qb7 Qf6 47. Be4 Rf7 48. Qc8+ Rf8 49. Qg4 Qe5 50. Bb1 Qe7 51. a6 Ne2 52. Re1 Rf2 53. Qe4 Qg7 54. Qe8+ 1-0

[Event "OLSW 2324 SG Speyer-Schwegenheim - SK La"]
[Site "?"]
[Date "2023.10.15"]
[Round "2.5"]
[White "Lang, Torsten"]
[Black "Commercon, Simon"]
[Result "1-0"]
[WhiteElo "2288"]
[BlackElo "2200"]
[PlyCount "81"]
[EventDate "2023.??.??"]

1. d4 Nf6 2. Nf3 e6 3. Bf4 b6 4. e3 Bb7 5. Be2 h6 6. h3 Bd6 7. Bxd6 cxd6 8. O-O Nc6 9. c4 Rc8 10. Nc3 Qc7 11. d5 exd5 12. cxd5 Ne7 13. e4 Qb8 14. Qd4 O-O 15. Nd2 Ng6 16. Rfe1 Rfe8 17. Bf1 Re7 18. Re3 Rf8 19. Rae1 Ne8 20. Nb3 Re5 21. Qd2 Qd8 22. Nd4 a6 23. a4 Nf6 24. g3 Ree8 25. Nf5 Qc7 26. Rc1 Rc8 27. Ne2 Qb8 28. Rxc8 Rxc8 29. Qd4 b5 30. axb5 axb5 31. Nc3 Ba6 32. b4 Kh7 33. f4 Re8 34. Bd3 Qc7 35. Kf2 Rc8 36. Ne2 Ra8 37. e5 dxe5 38. fxe5 Ne8 39. d6 Qb8 40. Ne7 Bb7 41. Qf4 1-0

[Event "OLSW 2324 SG Speyer-Schwegenheim - SK La"]
[Site "?"]
[Date "2023.10.15"]
[Round "2.6"]
[White "Flierl, Pascal"]
[Black "Leuranguer, Yannick"]
[Result "1-0"]
[WhiteElo "2172"]
[BlackElo "2201"]
[PlyCount "85"]
[EventDate "2023.??.??"]

1. d4 d5 2. Nf3 Nf6 3. Bf4 c5 4. e3 Nc6 5. Nbd2 Qb6 6. dxc5 Qxb2 7. Rb1 Qc3 8. Bd3 e6 9. O-O Be7 10. Rb5 a6 11. Nb1 Qa1 12. Rb3 Bxc5 13. a3 Ne4 14. Bxe4 dxe4 15. Nfd2 f5 16. Nxe4 Be7 17. Qd2 fxe4 18. Nc3 Qxf1+ 19. Kxf1 O-O 20. Nxe4 e5 21. Qd5+ Kh8 22. Bxe5 Bf5 23. Rxb7 Rac8 24. Nd6 Nxe5 25. Rxe7 Rxc2 26. Rxe5 Bg6 27. Nf7+ Kg8 28. Ng5+ Kh8 29. Nf3 h6 30. Qd6 Rf6 31. Re6 Bd3+ 32. Qxd3 Rc1+ 33. Ke2 Rxe6 34. Nd4 Rb6 35. Qd2 Rcb1 36. Qc3 R1b2+ 37. Nc2 R6b3 38. Qc8+ Kh7 39. Kf3 Rb6 40. g4 Rf6+ 41. Kg3 Rbb6 42. Nd4 Rb2 43. Nf5 1-0

[Event "OLSW 2324 SG Speyer-Schwegenheim - SK La"]
[Site "?"]
[Date "2023.10.15"]
[Round "2.7"]
[White "Lang, Matthias"]
[Black "Hauck, Heiko"]
[Result "1-0"]
[WhiteElo "2139"]
[BlackElo "2099"]
[PlyCount "92"]
[EventDate "2023.??.??"]

1. Nf3 f5 2. d4 d5 3. Nc3 Nf6 4. Bf4 c6 5. e3 e6 6. Ne5 Be7 7. Bd3 O-O 8. h3 Nbd7 9. g4 Ne4 10. Rg1 Nxe5 11. Bxe5 Bh4 12. gxf5 Bxf2+ 13. Ke2 Bxg1 14. Bxe4 Bxe3 15. Kxe3 dxe4 16. Qg4 Rf7 17. fxe6 Re7 18. Bf6 Bxe6 19. Qg5 h6 20. Bxe7 hxg5 21. Bxd8 Rxd8 22. Rg1 Bf5 23. Rxg5 g6 24. Nd1 c5 25. c3 cxd4+ 26. cxd4 Rc8 27. Nc3 Kg7 28. Rg3 a6 29. Kf4 Rc4 30. Ke5 Rc8 31. d5 Re8+ 32. Kd4 Kf6 33. Re3 Rh8 34. Nxe4+ Bxe4 35. Rxe4 Rxh3 36. Re6+ Kf5 37. Re2 Rh7 38. Rf2+ Kg4 39. Ke5 Kg3 40. Rf1 Re7+ 41. Kf6 Re2 42. Rd1 Rf2+ 43. Kg7 Rxb2 44. d6 Rxa2 45. d7 g5 46. d8=Q g4 1-0

[Event "OLSW 2324 SG Speyer-Schwegenheim - SK La"]
[Site "?"]
[Date "2023.10.15"]
[Round "2.8"]
[White "Schreck, Michael"]
[Black "Kuhn, Daniel"]
[Result "1/2-1/2"]
[WhiteElo "1768"]
[BlackElo "1894"]
[PlyCount "83"]
[EventDate "2023.??.??"]

1. c4 e5 2. Nc3 Nf6 3. Nf3 Nc6 4. e3 Bb4 5. Qc2 Bxc3 6. Qxc3 Qe7 7. a3 a5 8. b3 d5 9. d4 exd4 10. Nxd4 Nxd4 11. Qxd4 c5 12. Qb2 d4 13. Be2 Qd6 14. h3 O-O 15. O-O Bf5 16. Bf3 Rfd8 17. Rd1 Qb6 18. exd4 cxd4 19. Bg5 Rd7 20. Rac1 Ne4 21. Bxe4 Bxe4 22. Qe2 Qg6 23. Qg4 Bf5 24. Qg3 Re8 25. Rd2 h6 26. Bf4 Qe6 27. c5 d3 28. Rb1 Kh7 29. Qe3 Be4 30. Bd6 Bf5 31. Re1 Qxe3 32. Rxe3 Rxe3 33. fxe3 b6 34. b4 axb4 35. axb4 bxc5 36. Bxc5 Be4 37. Kf2 f5 38. g3 g5 39. Ke1 Kg6 40. Ra2 Rf7 41. Ra6+ Rf6 42. Rxf6+ 1/2-1/2

[Event "OLSW 2324 SG Speyer-Schwegenheim - SK La"]
[Site "?"]
[Date "2023.10.15"]
[Round "2.1"]
[White "Schmidt, Justus"]
[Black "Boguslawski, Oleg"]
[Result "0-1"]
[WhiteElo "2197"]
[BlackElo "2378"]
[PlyCount "98"]
[EventDate "2023.??.??"]

1. e4 c5 2. d3 Nc6 3. f4 g6 4. Nf3 Bg7 5. Be2 e6 6. O-O Nge7 7. c3 d6 8. Be3 O-O 9. d4 b6 10. Na3 Bb7 11. dxc5 dxc5 12. Qe1 a6 13. Qf2 Qc7 14. Nd2 Rad8 15. Rfd1 Rd7 16. e5 Rfd8 17. Nf3 Nd5 18. Nc4 Nce7 19. Bd2 Nc8 20. a4 Nde7 21. Be3 Nf5 22. Rxd7 Rxd7 23. Ng5 h6 24. Nf3 Bf8 25. Kf1 Qd8 26. g4 Nxe3+ 27. Nxe3 Ne7 28. Bc4 Qa8 29. Ne1 Nd5 30. N3g2 Qd8 31. Bd3 Nc7 32. Rd1 c4 33. Qxb6 Bxg2+ 34. Kxg2 cxd3 35. Kg3 Be7 36. Nf3 Qa8 37. Qe3 Qc6 38. Rxd3 Rxd3 39. Qxd3 Qxa4 40. c4 Qc6 41. b3 a5 42. Qd2 a4 43. bxa4 Qxc4 44. Qd4 Qc6 45. a5 Nd5 46. Ne1 Bb4 47. Nd3 Bxa5 48. h4 Qc3 49. Qxc3 Bxc3 0-1

[Event "OLSW 2324 SV Koblenz II - SG Kaiserslaut"]
[Site "?"]
[Date "2023.10.15"]
[Round "2.1"]
[White "Huschens, Matthias"]
[Black "Petersen, Henrik"]
[Result "1-0"]
[WhiteElo "2060"]
[BlackElo "2123"]
[PlyCount "77"]
[EventDate "2023.??.??"]

1. d4 g6 2. Nf3 Bg7 3. c4 c5 4. e3 Nf6 5. Nc3 O-O 6. Be2 cxd4 7. Nxd4 Nc6 8. Nc2 d6 9. e4 Be6 10. O-O a5 11. a4 Nd7 12. Ra3 Nc5 13. f3 Qb6 14. Kh1 Na6 15. Nd5 Bxd5 16. cxd5 Ncb4 17. Be3 Qc7 18. Nd4 Rfc8 19. Rc3 Qd8 20. Qd2 Nc5 21. Bb5 h5 22. Qf2 Kh7 23. g4 hxg4 24. Qh4+ Kg8 25. Qxg4 Rc7 26. h4 Qc8 27. Qg2 Kh7 28. f4 Qh8 29. f5 Kg8 30. fxg6 Qxh4+ 31. Kg1 fxg6 32. Qxg6 Qh7 33. Qg2 e5 34. Nf5 Kh8 35. Bxc5 Rg8 36. Rh3 Bh6 37. Rxh6 Rxg2+ 38. Kxg2 Rg7+ 39. Kf3 1-0

[Event "OLSW 2324 SV Koblenz II - SG Kaiserslaut"]
[Site "?"]
[Date "2023.10.15"]
[Round "2.2"]
[White "Stewart, Neil"]
[Black "Bruch, Ingo"]
[Result "1-0"]
[WhiteElo "2253"]
[BlackElo "2283"]
[PlyCount "109"]
[EventDate "2023.??.??"]

1. d4 Nf6 2. c4 e6 3. Nc3 d5 4. Bg5 Bb4 5. e3 O-O 6. cxd5 exd5 7. Bd3 h6 8. Bh4 c5 9. dxc5 Nbd7 10. Nge2 Nxc5 11. O-O g5 12. Bg3 Re8 13. Bb5 Re6 14. Nd4 Re7 15. Rc1 a6 16. Be2 Re8 17. a3 Bxc3 18. Rxc3 Nce4 19. Rc2 Nxg3 20. hxg3 Bd7 21. Qd3 Qb6 22. Rfc1 Rac8 23. Rxc8 Rxc8 24. Rxc8+ Bxc8 25. Qc3 Bd7 26. Bd3 Qd6 27. b4 Ne4 28. Qc2 f5 29. g4 fxg4 30. Bxe4 dxe4 31. Qxe4 b6 32. g3 Kg7 33. Qb7 Kf6 34. Qxa6 Qc7 35. Qf1 Bc8 36. Qa1 Qe5 37. Qc3 Bb7 38. Nb5 Qxc3 39. Nxc3 Ke5 40. a4 h5 41. a5 bxa5 42. bxa5 Ba6 43. Na2 Kd6 44. Nb4 Bb7 45. a6 Ba8 46. a7 h4 47. Kh2 Ke5 48. Nc2 Ke4 49. Nd4 Kd3 50. Ne6 Ke2 51. Kg1 Bb7 52. Nxg5 hxg3 53. fxg3 Kxe3 54. Ne6 Kf3 55. Kh2 1-0

[Event "OLSW 2324 SV Koblenz II - SG Kaiserslaut"]
[Site "?"]
[Date "2023.10.15"]
[Round "2.3"]
[White "Weller, Manuel"]
[Black "Repplinger, Marc"]
[Result "1/2-1/2"]
[WhiteElo "2244"]
[BlackElo "2158"]
[PlyCount "198"]
[EventDate "2023.??.??"]

1. Nf3 e6 2. c4 b6 3. g3 Bb7 4. Bg2 Nf6 5. O-O g6 6. b3 Bg7 7. Bb2 O-O 8. e3 d5 9. Qe2 Nbd7 10. d3 Re8 11. Ne5 Nxe5 12. Bxe5 Nd7 13. Bxg7 Kxg7 14. Nc3 Nf6 15. d4 Qe7 16. Rfd1 Rad8 17. Qb2 Kg8 18. Rac1 c6 19. Ne2 a5 20. Nf4 Ra8 21. a3 Rec8 22. Nd3 Ba6 23. Ne5 Nd7 24. Nxd7 Qxd7 25. e4 Rab8 26. a4 dxe4 27. Bxe4 Qe7 28. Qc3 Bb7 29. c5 Qd8 30. Rb1 Ba6 31. b4 axb4 32. Qxb4 b5 33. a5 Rb7 34. Rd2 Rd7 35. h4 Bb7 36. Ra1 Qf6 37. a6 Ba8 38. f4 h5 39. Kg2 Rcd8 40. Rad1 Kg7 41. Kf3 Rc8 42. Ke3 Qd8 43. Ra1 Ra7 44. Ra3 Rb8 45. Rda2 Kg8 46. Rh2 Qc8 47. Rha2 Qd8 48. Bf3 Kg7 49. Qb2 Kg8 50. Rb3 Qf6 51. Rb4 Rd8 52. Be4 Kf8 53. Qg2 Rad7 54. Rd2 Rc7 55. Rd3 Rb8 56. Rb1 Rd8 57. Ra1 Rcd7 58. Qb2 Ra7 59. Qb4 Rb8 60. Ra5 Kg7 61. Qa3 Rd8 62. Qa1 Kf8 63. Ra2 Kg7 64. Qh1 Rad7 65. Rad2 Rc7 66. a7 Rxa7 67. Bxc6 Rd5 68. Bxa8 Rxa8 69. Qe4 Ra5 70. Rc2 Qe7 71. c6 Qc7 72. Rdc3 b4 73. Rc4 Ra3+ 74. Kf2 b3 75. Rb2 Ra6 76. Rxb3 Rxc6 77. Rxc6 Qxc6 78. Rd3 Qc1 79. Qe1 Qc4 80. Qe3 Rb5 81. Rd2 Kg8 82. Qd3 Qd5 83. Qf3 Qf5 84. Qd3 Rb2 85. Qxf5 Rxd2+ 86. Ke3 gxf5 87. Kxd2 f6 88. Kc3 Kf7 89. Kc4 Ke7 90. Kc5 Kd7 91. Kc4 Kc6 92. Kc3 Kb5 93. Kb3 Kb6 94. Kb4 Kc6 95. Kc4 Kd7 96. Kc5 Kc7 97. Kc4 Kd6 98. Kc3 Kc6 99. Kc4 Kd6 1/2-1/2

[Event "OLSW 2324 SV Koblenz II - SG Kaiserslaut"]
[Site "?"]
[Date "2023.10.15"]
[Round "2.4"]
[White "Bohn, Thomas"]
[Black "Yakovenko, Oleg"]
[Result "1/2-1/2"]
[WhiteElo "2312"]
[BlackElo "2269"]
[PlyCount "119"]
[EventDate "2023.??.??"]

1. f4 Nf6 2. Nf3 d5 3. d3 c5 4. g3 g6 5. Bg2 Bg7 6. O-O O-O 7. c3 b5 8. e4 dxe4 9. dxe4 Qb6 10. Qe2 Bb7 11. e5 Nd5 12. Na3 b4 13. Nc4 Qa6 14. Ng5 bxc3 15. b3 Nb6 16. Ne4 N8d7 17. Be3 Nxc4 18. bxc4 Rac8 19. Rac1 Bxe4 20. Bxe4 f6 21. Rxc3 fxe5 22. f5 Nf6 23. Bg2 e4 24. Rc2 Qc6 25. fxg6 hxg6 26. Bg5 Qe6 27. Rf4 Rcd8 28. Bxf6 Bxf6 29. Rxe4 Qd7 30. Bf3 Qd3 31. Kg2 Qxe2+ 32. Rcxe2 Rb8 33. Re6 Rb6 34. Rxb6 axb6 35. Re6 Rb8 36. a4 Kf7 37. Bd5 Ke8 38. h4 Kd7 39. Kf3 Kc7 40. Kg4 Kd7 41. Kf4 Kc7 42. g4 Bxh4 43. g5 Kd7 44. Rxg6 Bf2 45. Kf5 Bd4 46. Rh6 Bc3 47. Be6+ Kc7 48. Bf7 Ra8 49. Bd5 Rxa4 50. Rc6+ Kd7 51. Rxb6 Ra1 52. Be6+ Kc7 53. Rb3 Rf1+ 54. Kg6 Bd4 55. Ra3 Rg1 56. Ra7+ Kd6 57. Ra6+ Ke5 58. Bd5 Kf4 59. Kf7 Rxg5 60. Kxe7 1/2-1/2

[Event "OLSW 2324 SV Koblenz II - SG Kaiserslaut"]
[Site "?"]
[Date "2023.10.15"]
[Round "2.5"]
[White "Albert, Marco"]
[Black "Polster, Wolfgang"]
[Result "0-1"]
[WhiteElo "2199"]
[BlackElo "2175"]
[PlyCount "120"]
[EventDate "2023.??.??"]

1. d4 c6 2. c4 f5 3. Nf3 g6 4. g3 Bg7 5. Bg2 Nf6 6. O-O O-O 7. Nc3 d6 8. Qb3 Qe8 9. Re1 Ne4 10. Be3 Nxc3 11. bxc3 Kh8 12. d5 Na6 13. Bd4 Nc5 14. Qc2 e5 15. dxe6 Bxe6 16. Qd1 Qe7 17. Bxg7+ Kxg7 18. Qd4+ Kg8 19. h4 h6 20. Nd2 Rad8 21. Nb3 Bf7 22. Qf4 Kg7 23. Nxc5 dxc5 24. Rab1 g5 25. hxg5 hxg5 26. Qc1 Bxc4 27. e4 f4 28. e5 Be6 29. Rd1 Bg4 30. Rxd8 Rxd8 31. Qe1 Bf5 32. Rb2 Rd7 33. Re2 Bg4 34. f3 Bf5 35. Bf1 Rd3 36. gxf4 Rxf3 37. fxg5 Bd3 38. Rf2 Rxf2 39. Kxf2 Bxf1 40. Kxf1 Qxg5 41. Qe4 Qg6 42. Qe2 Kf8 43. Ke1 Qb1+ 44. Kf2 Qf5+ 45. Ke1 Ke7 46. Kd2 Qf4+ 47. Kc2 Ke6 48. Kb2 Qxe5 49. Qg4+ Kd6 50. Qc8 Qe2+ 51. Kc1 Qe7 52. Qb8+ Kd5 53. Qxa7 Kc4 54. Kb2 Qe2+ 55. Ka3 b5 56. Qf7+ Kxc3 57. Qf6+ Kd2 58. Kb2 Kd1+ 59. Ka1 Qe1 60. Qb2 Qb4 0-1

[Event "OLSW 2324 SV Koblenz II - SG Kaiserslaut"]
[Site "?"]
[Date "2023.10.15"]
[Round "2.6"]
[White "Berresheim, Helmut"]
[Black "Sievers, Andy"]
[Result "0-1"]
[WhiteElo "2051"]
[BlackElo "2101"]
[PlyCount "40"]
[EventDate "2023.??.??"]

1. d4 Nf6 2. c4 g6 3. Nc3 d5 4. cxd5 Nxd5 5. e4 Nxc3 6. bxc3 Bg7 7. Qa4+ c6 8. Nf3 O-O 9. Be2 Nd7 10. O-O Nb6 11. Qc2 c5 12. d5 e6 13. Bg5 Qd6 14. dxe6 Bxe6 15. Rad1 Qc6 16. c4 Rfe8 17. Bf4 Rad8 18. e5 Bf5 19. Bd3 Rxd3 20. Rxd3 Qe4 0-1

[Event "OLSW 2324 SV Koblenz II - SG Kaiserslaut"]
[Site "?"]
[Date "2023.10.15"]
[Round "2.7"]
[White "Lauer, Marius"]
[Black "Meyer, Mario"]
[Result "1-0"]
[WhiteElo "2103"]
[BlackElo "2096"]
[PlyCount "63"]
[EventDate "2023.??.??"]

1. c4 e5 2. g3 f5 3. Bg2 Nf6 4. Nc3 Nc6 5. d3 d6 6. Rb1 Bd7 7. b4 Rb8 8. Nf3 Qc8 9. b5 Nd8 10. h4 Be7 11. h5 Nf7 12. Ng5 Nxg5 13. Bxg5 O-O 14. Nd5 Qd8 15. h6 g6 16. Qa4 a6 17. Qa5 axb5 18. Nxe7+ Qxe7 19. Qxc7 Rbc8 20. Qxb7 e4 21. dxe4 bxc4 22. exf5 gxf5 23. O-O Qd8 24. Rfc1 Qc7 25. Qa6 Be6 26. Rb7 Qc5 27. Rg7+ Kh8 28. Qb7 Ne8 29. Rxh7+ Kg8 30. Rg7+ Kh8 31. Be3 Qe5 32. Re7 1-0

[Event "OLSW 2324 SV Koblenz II - SG Kaiserslaut"]
[Site "?"]
[Date "2023.10.15"]
[Round "2.8"]
[White "Plum, Paul"]
[Black "Roelle, Philipp"]
[Result "0-1"]
[WhiteElo "1941"]
[BlackElo "2101"]
[PlyCount "80"]
[EventDate "2023.??.??"]

1. e4 c5 2. Nc3 g6 3. g3 Bg7 4. Bg2 Nc6 5. d3 d6 6. Be3 e6 7. Qd2 Nge7 8. Bh6 O-O 9. h4 Bxh6 10. Qxh6 f6 11. Qd2 Nd4 12. Nce2 Nec6 13. c3 Nxe2 14. Nxe2 e5 15. O-O Qe7 16. f4 Bg4 17. Bf3 Bxf3 18. Rxf3 f5 19. exf5 Rxf5 20. Re3 Qg7 21. Kg2 Raf8 22. d4 cxd4 23. cxd4 exd4 24. Rd3 Rd5 25. Rd1 Re8 26. Kf1 Qd7 27. Ng1 Rf5 28. Nf3 Rf7 29. Nxd4 Nxd4 30. Rxd4 Rfe7 31. Qg2 Qg4 32. Rxd6 Kg7 33. R6d2 Re3 34. Rd3 Re2 35. Qxb7+ Kh6 36. Qd7 R8e6 37. Qxe6 Qxe6 38. R3d2 Re3 39. Rg2 Qg4 40. Rd5 Qf3+ 0-1

[Event "OLSW 2324 SK Landau - Turm Illingen"]
[Site "?"]
[Date "2023.11.19"]
[Round "3.1"]
[White "Mayer, Frank"]
[Black "Kopp, Bjoern"]
[Result "1-0"]
[WhiteElo "2264"]
[BlackElo "2233"]
[PlyCount "57"]
[EventDate "2023.??.??"]

1. c4 e5 2. Nc3 Nc6 3. e3 f5 4. d4 Bb4 5. Nge2 d6 6. d5 Bxc3+ 7. Nxc3 Nce7 8. Be2 Nf6 9. O-O g5 10. f4 gxf4 11. exf4 Ng6 12. fxe5 dxe5 13. Bd3 e4 14. Be2 O-O 15. Qd4 Qd6 16. c5 Qe5 17. Qxe5 Nxe5 18. Bf4 Re8 19. Bg5 Nfd7 20. Nb5 Nxc5 21. Nxc7 Bd7 22. Nxa8 Rxa8 23. Rac1 Rc8 24. Be3 b6 25. Bxc5 bxc5 26. Rc3 c4 27. b3 cxb3 28. Rxc8+ Bxc8 29. axb3 1-0

[Event "OLSW 2324 SK Landau - Turm Illingen"]
[Site "?"]
[Date "2023.11.19"]
[Round "3.2"]
[White "Schmidt, Justus"]
[Black "Hoppstaedter, Daniel"]
[Result "1-0"]
[WhiteElo "2192"]
[BlackElo "2186"]
[PlyCount "99"]
[EventDate "2023.??.??"]

1. e4 c6 2. d4 d5 3. e5 Bf5 4. c4 e6 5. Nc3 Ne7 6. a3 dxc4 7. Bxc4 Nd7 8. Nge2 Nd5 9. Ng3 Bg6 10. Nce4 Qa5+ 11. Kf1 Qc7 12. Bd2 Be7 13. h4 h6 14. h5 Bh7 15. Qg4 Rg8 16. Bd3 Nf8 17. Qf3 Qb6 18. Bc3 f5 19. exf6 gxf6 20. Ne2 f5 21. Nd2 Qc7 22. Nc4 Nd7 23. Ba5 b6 24. Bd2 Bg5 25. Re1 O-O-O 26. Nc3 Rde8 27. Bxg5 Rxg5 28. Nxd5 cxd5 29. Ne3 Nf6 30. Ke2 Kb7 31. Rc1 Qb8 32. Bb5 Rc8 33. g3 Rgg8 34. Ng2 Rxc1 35. Rxc1 Rc8 36. Qe3 Rxc1 37. Qxc1 Qc7 38. Ba6+ Kb8 39. Qxh6 Qc2+ 40. Kf1 Qxf2+ 41. Kxf2 Ng4+ 42. Kf3 Nxh6 43. Kf4 Nf7 44. Nh4 Kc7 45. Nf3 Bg8 46. Ne5 Nd6 47. Kg5 Ne4+ 48. Kg6 Nxg3 49. h6 f4 50. Bd3 1-0

[Event "OLSW 2324 SK Landau - Turm Illingen"]
[Site "?"]
[Date "2023.11.19"]
[Round "3.3"]
[White "Feidt, Jonas"]
[Black "Bold, Andre"]
[Result "0-1"]
[WhiteElo "1946"]
[BlackElo "2190"]
[PlyCount "68"]
[EventDate "2023.??.??"]

1. c4 Nf6 2. g3 c6 3. Nf3 d5 4. d4 e6 5. Bg2 Ne4 6. O-O Bd6 7. Nbd2 Nxd2 8. Bxd2 dxc4 9. Qc2 O-O 10. Qxc4 e5 11. d5 b5 12. Qd3 c5 13. Qxb5 Ba6 14. Qa4 Bxe2 15. Rfc1 Bd3 16. Be3 Nd7 17. Nd2 f5 18. Rc3 e4 19. Qd1 Be5 20. Rxd3 exd3 21. Nc4 f4 22. gxf4 Bxf4 23. Qxd3 Qh4 24. Bxf4 Qxf4 25. Qc2 Ne5 26. Nxe5 Qxe5 27. Qxc5 Qxb2 28. Rd1 Rac8 29. Qd4 Qxd4 30. Rxd4 Rc1+ 31. Bf1 Rf6 32. f3 Rxf3 33. d6 Rfxf1+ 34. Kg2 Rfd1 0-1

[Event "OLSW 2324 SK Landau - Turm Illingen"]
[Site "?"]
[Date "2023.11.19"]
[Round "3.4"]
[White "Bruch, Jochen"]
[Black "Klein, Joachim"]
[Result "1/2-1/2"]
[WhiteElo "2200"]
[BlackElo "2192"]
[PlyCount "68"]
[EventDate "2023.??.??"]

1. Nf3 d5 2. c4 e6 3. g3 d4 4. d3 Nc6 5. Bg2 Nge7 6. a3 a5 7. e3 dxe3 8. fxe3 Nf5 9. d4 a4 10. Nc3 h5 11. Nxa4 h4 12. g4 h3 13. Bf1 Nh4 14. Nc3 e5 15. d5 Bxg4 16. Be2 Nxf3+ 17. Bxf3 Qh4+ 18. Kd2 Qf2+ 19. Be2 Bc5 20. Kc2 Bf5+ 21. Kb3 Ne7 22. e4 Bd7 23. Bd2 c6 24. Be1 Qe3 25. Qd3 cxd5 26. Nxd5 Nxd5 27. cxd5 Qh6 28. Bc3 Qb6+ 29. Ka2 f6 30. Qg3 O-O 31. Bc4 Bb5 32. Bb3 Ba4 33. Bc4 Bb5 34. Bb3 Ba4 1/2-1/2

[Event "OLSW 2324 SK Landau - Turm Illingen"]
[Site "?"]
[Date "2023.11.19"]
[Round "3.5"]
[White "Biehler, Thomas"]
[Black "Lang, Matthias"]
[Result "1/2-1/2"]
[WhiteElo "2240"]
[BlackElo "2148"]
[PlyCount "71"]
[EventDate "2023.??.??"]

1. c4 Nf6 2. g3 c5 3. Bg2 d5 4. cxd5 Nxd5 5. Nc3 Nc7 6. Nf3 Nc6 7. a3 e5 8. b4 cxb4 9. axb4 Bxb4 10. Nxe5 Bxc3 11. Nxc6 bxc6 12. Bxc6+ Bd7 13. Bxd7+ Qxd7 14. dxc3 Qc6 15. Qa4 Nb5 16. O-O Rc8 17. Rb1 a6 18. Bb2 O-O 19. Ra1 Nxc3 20. Bxc3 Qxa4 21. Rxa4 Rxc3 22. Rxa6 Rc2 23. e3 h5 24. Rd1 Rc7 25. Rd5 g6 26. Kg2 Rb8 27. Ra2 Kg7 28. h3 Rb4 29. Re2 Re7 30. Kf3 Ra7 31. e4 Rb3+ 32. Kg2 Re7 33. f3 Rc7 34. e5 Rcc3 35. Rf2 Re3 36. h4 1/2-1/2

[Event "OLSW 2324 SK Landau - Turm Illingen"]
[Site "?"]
[Date "2023.11.19"]
[Round "3.6"]
[White "Silber, Gerhard"]
[Black "Giese, Tilman"]
[Result "1-0"]
[WhiteElo "2186"]
[BlackElo "2001"]
[PlyCount "41"]
[EventDate "2023.??.??"]

1. d4 Nf6 2. c4 g6 3. Nc3 Bg7 4. e4 d6 5. f3 O-O 6. Be3 Nbd7 7. Qd2 a6 8. Nh3 c6 9. Bh6 b5 10. Nf2 Qb6 11. Bxg7 Kxg7 12. O-O-O Qa5 13. Kb1 Nb6 14. e5 dxe5 15. dxe5 Nfd7 16. Ng4 Nxc4 17. Qh6+ Kg8 18. Rxd7 Bxd7 19. Nf6+ exf6 20. exf6 Nd2+ 21. Kc1 1-0